000 00716cam a2200229 4500
001 J1267
008 090401t xxu||||| |||| 00| 0 eng d
035 _a(Sirsi) u42561
041 _aeng
050 _a306.0212
110 _aUnited Kingdom
_bDepartment of the Environment
_9982
245 _aHousing and construction statistics: Great Britain...Part 1 - March quarter 1989 - December quarter 1991.
260 _aLondon
_bHMSO
_c1989-91
300 _a12 pt. in one volume ; 30cm.
350 _a0
650 _aBUILDING INDUSTRY
690 _aBUILT ENVIRONMENT
710 _aScotland
_bScottish Development Department
_91311
710 _aUnited Kingdom
_bWelsh Office
_91214
942 _n0
948 _c04/03/1997
999 _c91156
_d91156